Statistics for 500 biggest Russian cities

Click here to take the quiz!

General Stats

  • This quiz has been taken 303 times
  • The average score is 73 of 500

Answer Stats

PopulationRegionAnswer% Correct
13,104,177-Moscow
99%
5,600,044-St Petersburg
94%
1,135,968Rostov OblastRostov on Don
89%
1,213,477Nizhny Novgorod OblastNizhny Novgorod
88%
1,635,338Novosibirsk OblastNovosibirsk
88%
1,110,836Omsk OblastOmsk
86%
1,163,645Samara OblastSamara
86%
1,025,662Volgograd OblastVolgograd
86%
1,027,153Perm KraiPerm
85%
1,182,517Chelyabinsk OblastChelyabinsk
84%
1,121,291Krasnodar KraiKrasnodar
84%
891,898Saratov OblastSaratov
82%
611,215Irkutsk OblastIrkutsk
81%
1,051,995Voronezh OblastVoronezh
81%
1,539,371Sverdlovsk OblastYekaterinburg
81%
1,314,685Republic of TatarstanKazan
80%
1,196,913Krasnoyarsk KraiKrasnoyarsk
80%
551,505Tomsk OblastTomsk
78%
855,618Tyumen OblastTyumen
78%
597,237Primorsky KraiVladivostok
78%
267,422Murmansk OblastMurmansk
77%
489,735Kaliningrad OblastKaliningrad
76%
466,609Tula OblastTula
75%
570,824Yaroslavl OblastYaroslavl
74%
539,236Orenburg OblastOrenburg
73%
1,157,994Republic of BashkortostanUfa
73%
298,617Arkhangelsk OblastArkhangelsk
72%
333,931Belgorod OblastBelgorod
72%
375,669Bryansk OblastBryansk
71%
434,703Kursk OblastKursk
71%
550,147Stavropol KraiStavropol
71%
346,771Vladimir OblastVladimir
71%
549,362Kemerovo OblastKemerovo
70%
523,203Ryazan OblastRyazan
70%
312,896Smolensk OblastSmolensk
70%
446,599Krasnodar KraiSochi
70%
414,756Tver OblastTver
70%
468,842Astrakhan OblastAstrakhan
69%
492,376Penza OblastPenza
69%
617,168Khabarovsk KraiKhabarovsk
68%
613,334Ulyanovsk OblastUlyanovsk
68%
471,754Kirov OblastKirov
67%
490,428Lipetsk OblastLipetsk
66%
558,273-Sevastopol
66%
333,954Kaluga OblastKaluga
65%
311,628Vologda OblastVologda
64%
360,687Ivanovo OblastIvanovo
63%
296,633Oryol OblastOryol
63%
331,402Chechen RepublicGrozny
62%
258,546Tambov OblastTambov
62%
361,154Republic of Sakha (Yakutia)Yakutsk
61%
305,505Kurgan OblastKurgan
60%
189,315Pskov OblastPskov
59%
223,191Novgorod OblastVeliky Novgorod
59%
265,959Kostroma OblastKostroma
57%
337,730Republic of CrimeaSimferopol
48%
674,630Samara OblastTogliatti
46%
436,138Republic of BuryatiaUlan-Ude
45%
622,660Republic of DagestanMakhachkala
42%
620,591Udmurt RepublicIzhevsk
40%
162,992Kamchatka KraiPetropavlovsk-Kamchatsky
37%
180,467Sakhalin OblastYuzhno-Sakhalinsk
37%
89,834Magadan OblastMagadan
36%
333,679Zabaikalsky KraiChita
34%
409,255Chelyabinsk OblastMagnitogorsk
34%
623,057Altai KraiBarnaul
33%
72,839Republic of CrimeaYalta
33%
496,238Chuvash RepublicCheboksary
32%
152,683Republic of CrimeaKerch
32%
292,886Republic of North Ossetia - AlaniaVladikavkaz
32%
174,747Krasnoyarsk KraiNorilsk
30%
235,793Republic of KareliaPetrozavodsk
30%
312,252Republic of MordoviaSaransk
30%
261,626Krasnodar KraiNovorossiysk
29%
545,750Republic of TatarstanNaberezhnye Chelny
27%
223,333Saratov OblastEngels
25%
283,469Republic of Mari ElYoshkar-Ola
25%
245,961Kabardino-Balkarian RepublicNalchik
24%
533,565Kemerovo OblastNovokuznetsk
24%
220,042Republic of KomiSyktyvkar
24%
221,244Irkutsk OblastBratsk
22%
301,040Vologda OblastCherepovets
22%
334,209Sverdlovsk OblastNizhny Tagil
22%
312,400Moscow OblastPodolsk
22%
126,078Republic of DagestanDerbent
21%
257,006Moscow OblastKhimki
21%
406,938Khanty-Mansi Autonomous OkrugSurgut
21%
102,428Republic of KalmykiaElista
20%
236,158Khabarovsk KraiKomsomolsk on Amur
20%
128,149Republic of TyvaKyzyl
20%
188,135Orenburg OblastOrsk
20%
243,327Rostov OblastTaganrog
20%
185,348Republic of KhakassiaAbakan
19%
526,851Moscow OblastBalashikha
19%
240,572Amur OblastBlagoveshchensk
19%
35,355Republic of BashkortostanBlagoveshchensk
19%
241,106Republic of TatarstanNizhnekamsk
19%
222,489Rostov OblastShakhty
19%
56,389Republic of KomiVorkuta
19%
139,687Republic of AdygeaMaykop
18%
279,174Republic of BashkortostanSterlitamak
18%
52,164Republic of Mari ElVolzhsk
18%
46,105Rostov OblastDonetsk
17%
216,598Nizhny Novgorod OblastDzerzhinsk
17%
165,567Rostov OblastVolgodonsk
17%
144,955Stavropol KraiPyatigorsk
16%
156,056Arkhangelsk OblastSeverodvinsk
16%
71,772Leningrad OblastVyborg
16%
218,386Irkutsk OblastAngarsk
15%
184,219Krasnodar KraiArmavir
15%
80,757Rostov OblastAzov
15%
109,745Khanty-Mansi Autonomous OkrugKhanty-Mansiysk
15%
230,134Moscow OblastLyubertsy
15%
287,095Khanty-Mansi Autonomous OkrugNizhnevartovsk
15%
160,782Rostov OblastNovocherkassk
15%
82,695Krasnodar KraiAnapa
14%
77,582Nizhny Novgorod OblastBor
14%
266,436Moscow OblastMytishchi
14%
136,096Primorsky KraiNakhodka
14%
118,066Tula OblastNovomoskovsk
14%
30,686Novosibirsk OblastOb
14%
218,340Belgorod OblastStary Oskol
14%
163,303Samara OblastSyzran
14%
316,544Volgograd OblastVolzhsky
14%
159,662Chelyabinsk OblastZlatoust
14%
182,758Saratov OblastBalakovo
13%
112,789Karachay-Cherkessian RepublicCherkessk
13%
143,182Moscow OblastElektrostal
13%
188,850Moscow OblastKrasnogorsk
13%
147,449Chelyabinsk OblastMiass
13%
173,910Yaroslavl OblastRybinsk
13%
106,763Republic of CrimeaYevpatoria
13%
181,678Altai KraiBiysk
12%
133,019Moscow OblastKolomna
12%
124,086Republic of IngushetiaNazran
12%
111,738Moscow OblastPushkino
12%
60,707Krasnodar KraiTuapse
12%
179,862Primorsky KraiUssuriysk
12%
164,145Republic of TatarstanAlmetyevsk
11%
108,690Primorsky KraiArtyom
11%
68,536Jewish Autonomous OblastBirobidzhan
11%
65,077Republic of CrimeaFeodosia
11%
64,957Republic of AltaiGorno-Altaysk
11%
226,936Moscow OblastKorolyov
11%
133,300Republic of BashkortostanNeftekamsk
11%
129,584Kaluga OblastObninsk
11%
99,877Tyumen OblastTobolsk
11%
135,533Perm KraiBerezniki
10%
155,421Moscow OblastDomodedovo
10%
92,864Leningrad OblastGatchina
10%
125,747Republic of DagestanKaspiysk
10%
157,466Republic of DagestanKhasavyurt
10%
105,995Vladimir OblastMurom
10%
186,172Moscow OblastOdintsovo
10%
174,859Kemerovo OblastProkopyevsk
10%
113,140Moscow OblastReutov
10%
147,296Republic of BashkortostanSalavat
10%
99,224Moscow OblastSergiyev Posad
10%
109,547Ulyanovsk OblastDimitrovgrad
9%
162,177Sverdlovsk OblastKamensk-Uralsky
9%
126,674Stavropol KraiKislovodsk
9%
88,525Moscow OblastKlin
9%
130,327Vladimir OblastKovrov
9%
120,147Chuvash RepublicNovocheboksarsk
9%
101,708Rostov OblastNovoshakhtinsk
9%
54,095Tver OblastRzhev
9%
48,619Yamalo-Nenets Autonomous OkrugSalekhard
9%
133,646Moscow OblastSerpukhov
9%
82,534Krasnodar KraiYeysk
9%
81,307Krasnoyarsk KraiZheleznogorsk
9%
96,206Kursk OblastZheleznogorsk
9%
103,997Nizhny Novgorod OblastArzamas
8%
87,039Moscow OblastChekhov
8%
64,307Moscow OblastDmitrov
8%
74,193Moscow OblastDubna
8%
80,296Krasnodar KraiGelenjik
8%
105,471Volgograd OblastKamyshin
8%
77,491Penza OblastKuznetsk
8%
115,826Stavropol KraiNevinnomyssk
8%
102,205Moscow OblastNoginsk
8%
106,764Yamalo-Nenets Autonomous OkrugNovy Urengoy
8%
116,282Republic of BashkortostanOktyabrsky
8%
105,542Moscow OblastOrekhovo-Zuyevo
8%
114,000Moscow OblastRamenskoye
8%
93,121Sverdlovsk OblastSerov
8%
69,983Chelyabinsk OblastTroitsk
8%
85,989Pskov OblastVelikiye Luki
8%
73,890Republic of TatarstanYelabuga
8%
121,534Stavropol KraiYessentuki
8%
53,402Krasnoyarsk KraiZelenogorsk
8%
99,925Krasnoyarsk KraiAchinsk
7%
59,671Tula OblastAleksin
7%
125,523Rostov OblastBataysk
7%
119,957Moscow OblastDolgoprudny
7%
32,637Orenburg OblastGay
7%
86,034Krasnoyarsk KraiKansk
7%
146,125Chelyabinsk OblastKopeysk
7%
69,569Stavropol KraiMineralnye Vody
7%
124,989Khanty-Mansi Autonomous OkrugNefteyugansk
7%
97,163Samara OblastNovokuybyshevsk
7%
101,235Yamalo-Nenets Autonomous OkrugNoyabrsk
7%
112,860Sverdlovsk OblastPervouralsk
7%
124,687Altai KraiRubtsovsk
7%
57,177Rostov OblastSalsk
7%
88,789Perm KraiSolikamsk
7%
38,614Kaliningrad OblastSovetsk
7%
78,081Republic of KomiUkhta
7%
53,623Saratov OblastVolsk
7%
96,918Lipetsk OblastYelets
7%
99,078Republic of TatarstanZelenodolsk
7%
110,507Moscow OblastZhukovsky
7%
55,943Vladimir OblastAlexandrov
6%
48,748Murmansk OblastApatity
6%
36,011Republic of North Ossetia - AlaniaBeslan
6%
58,875Voronezh OblastBorisoglebsk
6%
57,121Stavropol KraiBudyonnovsk
6%
80,199Republic of TatarstanBugulma
6%
75,324Perm KraiChaykovsky
6%
86,996Udmurt RepublicGlazov
6%
67,317Tyumen OblastIshim
6%
84,542Rostov OblastKamensk-Shakhtinsky
6%
49,005Leningrad OblastKingisepp
6%
62,173Perm KraiKungur
6%
37,536Leningrad OblastLuga
6%
104,611Leningrad OblastMurino
6%
73,163Moscow OblastNaro-Fominsk
6%
76,434Chelyabinsk OblastOzyorsk
6%
105,797Tomsk OblastSeversk
6%
64,121Leningrad OblastSosnovy Bor
6%
54,286Leningrad OblastTikhvin
6%
95,037Moscow OblastVoskresensk
6%
96,646Udmurt RepublicVotkinsk
6%
37,932Khabarovsk KraiAmursk
5%
72,914Saratov OblastBalashov
5%
60,350Amur OblastBelogorsk
5%
64,212Republic of BashkortostanBeloretsk
5%
58,368Republic of TatarstanChistopol
5%
62,036Stavropol KraiGeorgiyevsk
5%
84,357Belgorod OblastGubkin
5%
65,534Chechen RepublicGudermes
5%
59,293Rostov OblastGukovo
5%
50,065Vladimir OblastGus-Khrustalny
5%
63,171Republic of BashkortostanIshimbay
5%
57,365Republic of DagestanIzberbash
5%
75,823Ivanovo OblastKineshma
5%
62,275Bryansk OblastKlintsy
5%
56,122Arkhangelsk OblastKotlas
5%
74,893Krasnodar KraiKropotkin
5%
54,420Krasnodar KraiKrymsk
5%
62,208Nizhny Novgorod OblastKstovo
5%
55,241Krasnoyarsk KraiLesosibirsk
5%
52,708Voronezh OblastLiski
5%
81,968Moscow OblastLobnya
5%
89,262Tambov OblastMichurinsk
5%
112,793Stavropol KraiMikhaylovsk
5%
69,068Krasnoyarsk KraiMinusinsk
5%
73,122Altai KraiNovoaltaysk
5%
74,959Orenburg OblastNovotroitsk
5%
77,894Sverdlovsk OblastNovouralsk
5%
63,054Khanty-Mansi Autonomous OkrugNyagan
5%
56,288Nizhny Novgorod OblastPavlovo
5%
60,262Voronezh OblastRossosh
5%
90,260Udmurt RepublicSarapul
5%
93,721Nizhny Novgorod OblastSarov
5%
135,509Moscow OblastShchyolkovo
5%
56,327Republic of BashkortostanSibay
5%
61,449Krasnodar KraiSlavyansk on Kuban
5%
63,820Moscow OblastStupino
5%
48,789Amur OblastSvobodny
5%
64,811Chechen RepublicUrus-Martan
5%
78,445Irkutsk OblastUst-Ilimsk
5%
103,957Moscow OblastVidnoye
5%
51,199Smolensk OblastVyazma
5%
78,494Kemerovo OblastYurga
5%
30,409Republic of CrimeaAlushta
4%
56,533Sverdlovsk OblastAsbest
4%
59,131Republic of BashkortostanBelebey
4%
55,010Krasnodar KraiBelorechensk
4%
67,950Kemerovo OblastBelovo
4%
68,991Republic of DagestanBuynaksk
4%
88,419Orenburg OblastBuzuluk
4%
75,556Republic of KhakassiaChernogorsk
4%
57,700Moscow OblastDzerzhinsky
4%
59,606Moscow OblastFryazino
4%
83,725Moscow OblastIvanteyevka
4%
50,346Leningrad OblastKirishi
4%
65,262Kirov OblastKirovo-Chepetsk
4%
50,526Republic of DagestanKizlyar
4%
62,062Khanty-Mansi Autonomous OkrugKogalym
4%
47,968Perm KraiKrasnokamsk
4%
57,812Republic of BashkortostanKumertau
4%
56,128Krasnodar KraiLabinsk
4%
90,412Kemerovo OblastLeninsk-Kuznetsky
4%
66,079Moscow OblastLytkarino
4%
95,408Kemerovo OblastMezhdurechensk
4%
55,029Volgograd OblastMikhaylovka
4%
53,526Republic of Sakha (Yakutia)Neryungri
4%
65,142Moscow OblastPavlovsky Posad
4%
59,778Kabardino-Balkarian RepublicProkhladny
4%
59,521Sverdlovsk OblastRevda
4%
68,102Kurgan OblastShadrinsk
4%
56,005Chechen RepublicShali
4%
53,910Ivanovo OblastShuya
4%
50,717Chelyabinsk OblastSnezhinsk
4%
48,489Moscow OblastSolnechnogorsk
4%
62,525Republic of IngushetiaSunzha
4%
54,582Krasnodar KraiTikhoretsk
4%
40,172Tver OblastTorzhok
4%
68,379Republic of BashkortostanTuymazy
4%
73,727Sverdlovsk OblastVerkhnyaya Pyshma
4%
37,955Leningrad OblastVolkhov
4%
71,322Moscow OblastYegoryevsk
4%
35,171Astrakhan OblastAkhtubinsk
3%
65,320Kemerovo OblastAnzhero-Sudzhensk
3%
42,685Chechen RepublicArgun
3%
47,306Primorsky KraiArsenyev
3%
102,965Novosibirsk OblastBerdsk
3%
43,816Kemerovo OblastBeryozovsky
3%
60,566Sverdlovsk OblastBeryozovsky
3%
44,859Republic of BashkortostanBirsk
3%
69,169Samara OblastChapayevsk
3%
44,671Chelyabinsk OblastChebarkul
3%
53,415Irkutsk OblastCheremkhovo
3%
35,705Kaliningrad OblastChernyakhovsk
3%
33,030Primorsky KraiDalnegorsk
3%
63,038Tula OblastDonskoy
3%
56,781Novosibirsk OblastIskitim
3%
36,085Moscow OblastIstra
3%
45,231Moscow OblastKashira
3%
81,887Kemerovo OblastKiselyovsk
3%
68,758Moscow OblastKotelniki
3%
51,261Zabaikalsky KraiKrasnokamensk
3%
55,727Sverdlovsk OblastKrasnoturyinsk
3%
37,303Sverdlovsk OblastKrasnoufimsk
3%
44,402Moscow OblastKrasnoznamensk
3%
60,595Republic of TatarstanLeninogorsk
3%
48,231Sverdlovsk OblastLesnoy
3%
42,928Oryol OblastLivny
3%
53,057Perm KraiLysva
3%
55,676Republic of BashkortostanMeleuz
3%
34,222Rostov OblastMillerovo
3%
34,013Republic of Sakha (Yakutia)Mirny
3%
35,662Republic of North Ossetia - AlaniaMozdok
3%
33,365Moscow OblastMozhaysk
3%
45,229Yamalo-Nenets Autonomous OkrugNadym
3%
34,383Republic of KomiPechora
3%
36,773Yaroslavl OblastPereslavl-Zalessky
3%
54,364Sverdlovsk OblastPolevskoy
3%
70,921Leningrad OblastSertolovo
3%
43,394Murmansk OblastSeveromorsk
3%
53,556Tula OblastShchyokino
3%
38,925Belgorod OblastShebekino
3%
35,096Primorsky KraiSpassk-Dalny
3%
35,449Volgograd OblastUryupinsk
3%
73,507Irkutsk OblastUsolye-Sibirskoye
3%
78,849Leningrad OblastVsevolozhsk
3%
44,731Nizhny Novgorod OblastVyksa
3%
37,313Chelyabinsk OblastYuzhnouralsk
3%
58,550Penza OblastZarechny
3%
37,154Moscow OblastZvenigorod
3%
38,866Krasnodar KraiAbinsk
2%
48,714Rostov OblastAksay
2%
31,550Chuvash RepublicAlatyr
2%
36,075Belgorod OblastAlekseyevka
2%
37,137Moscow OblastAprelevka
2%
30,194Kaluga OblastBalabanovo
2%
40,448Primorsky KraiBolshoy Kamen
2%
47,353Novgorod OblastBorovichi
2%
42,747Orenburg OblastBuguruslan
2%
33,092Perm KraiChernushka
2%
44,780Perm KraiChusovoy
2%
31,894Republic of DagestanDagestanskiye Ogni
2%
30,652Moscow OblastDedovsk
2%
31,205Republic of BashkortostanDyurtyuli
2%
34,494Volgograd OblastFrolovo
2%
43,799Lipetsk OblastGryazi
2%
36,157Republic of CrimeaJankoy
2%
31,933Altai KraiKamen on Ob
2%
44,257Chuvash RepublicKanash
2%
39,764Tver OblastKimry
2%
38,915Republic of DagestanKizilyurt
2%
32,151Tver OblastKonakovo
2%
41,391Krasnodar KraiKorenovsk
2%
36,591Chelyabinsk OblastKorkino
2%
33,259Sakhalin OblastKorsakov
2%
64,904Leningrad OblastKudrovo
2%
41,754Novosibirsk OblastKuybyshev
2%
43,407Khanty-Mansi Autonomous OkrugLangepas
2%
34,967Primorsky KraiLesozavodsk
2%
35,276Kaluga OblastLyudinovo
2%
41,511Kaluga OblastMaloyaroslavets
2%
40,386Kemerovo OblastMariinsk
2%
52,652Khanty-Mansi Autonomous OkrugMegion
2%
36,070Oryol OblastMtsensk
2%
53,590Moscow OblastNakhabino
2%
44,761Krasnoyarsk KraiNazarovo
2%
32,826Arkhangelsk OblastNovodvinsk
2%
38,355Bryansk OblastNovozybkov
2%
33,386Republic of TatarstanNurlat
2%
46,755Samara OblastOtradny
2%
33,165Primorsky KraiPartizansk
2%
30,465Krasnodar KraiPrimorsko-Akhtarsk
2%
36,985Moscow OblastProtvino
2%
44,635Khanty-Mansi Autonomous OkrugRaduzhny
2%
36,226Sverdlovsk OblastRezh
2%
44,216Smolensk OblastRoslavl
2%
42,421Republic of MordoviaRuzayevka
2%
37,443Smolensk OblastSafonovo
2%
42,062Chelyabinsk OblastSatka
2%
44,168Republic of KhakassiaSayanogorsk
2%
35,593Irkutsk OblastSayansk
2%
33,290Krasnoyarsk KraiSharypovo
2%
37,294Moscow OblastShatura
2%
34,113Leningrad OblastSlantsy
2%
34,298Vologda OblastSokol
2%
31,171Khanty-Mansi Autonomous OkrugSovetsky
2%
38,060Tomsk OblastStrezhevoy
2%
35,196Stavropol KraiSvetlograd
2%
33,966Irkutsk OblastTayshet
2%
40,994Krasnodar KraiTemryuk
2%
51,398Krasnodar KraiTimashyovsk
2%
32,961Leningrad OblastTosno
2%
39,317Yaroslavl OblastTutayev
2%
32,228Yaroslavl OblastUglich
2%
31,358Republic of KomiUsinsk
2%
36,153Irkutsk OblastUst-Kut
2%
39,050Krasnodar KraiUst-Labinsk
2%
48,301Tula OblastUzlovaya
2%
44,489Tver OblastVyshny Volochyok
2%
55,801Republic of AdygeaYablonovsky
2%
40,733Smolensk OblastYartsevo
2%
35,858Tula OblastYefremov
2%
36,199Kamchatka KraiYelizovo
2%
40,626Altai KraiZarinsk
2%
49,301Samara OblastZhigulyovsk
2%
30,181Irkutsk OblastZima
2%
35,972Sverdlovsk OblastAlapayevsk
1%
39,749Kabardino-Balkarian RepublicBaksan
1%
47,746Nizhny Novgorod OblastBalakhna
1%
39,457Rostov OblastBelaya Kalitva
1%
34,372Nizhny Novgorod OblastBogorodsk
1%
32,345Moscow OblastDrozhzhino
1%
35,708Stavropol KraiGoryachevodsky
1%
41,482Krasnodar KraiGoryachy Klyuch
1%
33,869Yamalo-Nenets Autonomous OkrugGubkinsky
1%
33,175Krasnodar KraiGulkevichi
1%
36,857Sverdlovsk OblastIrbit
1%
38,177Stavropol KraiIzobilny
1%
36,910Sverdlovsk OblastKachkanar
1%
33,060Penza OblastKamenka
1%
43,772Republic of IngushetiaKarabulak
1%
36,358Samara OblastKinel
1%
30,592Ivanovo OblastKokhma
1%
38,492Vladimir OblastKolchugino
1%
34,002Arkhangelsk OblastKoryazhma
1%
35,347Rostov OblastKrasny Sulin
1%
39,504Kursk OblastKurchatov
1%
46,393Krasnodar KraiKurganinsk
1%
35,325Chelyabinsk OblastKyshtym
1%
34,013Moscow OblastLikino-Dulyovo
1%
41,726Khanty-Mansi Autonomous OkrugLyantor
1%
37,339Republic of IngushetiaMalgobek
1%
39,477Murmansk OblastMonchegorsk
1%
38,541Tambov OblastMorshansk
1%
44,038Udmurt RepublicMozhga
1%
39,709Kemerovo OblastMyski
1%
32,982Kabardino-Balkarian RepublicNartkala
1%
33,487Krasnodar KraiNovokubansk
1%
30,495Voronezh OblastNovovoronezh
1%
39,549Kemerovo OblastOsinniki
1%
31,133Voronezh OblastOstrogozhsk
1%
39,615Saratov OblastPugachyov
1%
40,253Khanty-Mansi Autonomous OkrugPyt-Yakh
1%
46,961Tambov OblastRasskazovo
1%
37,519Saratov OblastRtishchevo
1%
41,184Irkutsk OblastShelekhov
1%
40,619Krasnoyarsk KraiSosnovoborsk
1%
32,461Sverdlovsk OblastSukhoy Log
1%
32,272Sverdlovsk OblastTavda
1%
30,763Ivanovo OblastTeykovo
1%
32,478Chelyabinsk OblastTryokhgorny
1%
37,847Irkutsk OblastTulun
1%
36,198Republic of BashkortostanUchaly
1%
41,141Khanty-Mansi Autonomous OkrugUray
1%
31,357Karachay-Cherkessian RepublicUst-Dzheguta
1%
32,265Belgorod OblastValuyki
1%
40,474Sverdlovsk OblastVerkhnyaya Salda
1%
35,167Vladimir OblastVyazniki
1%
38,882Tyumen OblastYalutorovsk
1%
38,611Khanty-Mansi Autonomous OkrugYugorsk
1%
39,241Altai KraiZainsk
1%
32,972Stavropol KraiZelenokumsk
1%
39,577Krasnodar KraiApsheronsk
0%
34,140Republic of TatarstanAznakayevo
0%
30,713Stavropol KraiBlagodarny
0%
31,715Nizhny Novgorod OblastKulebaki
0%
38,481Irkutsk OblastMarkova
0%
32,700Saratov OblastPrivolzhsky
0%
30,280Moscow OblastTomilino
0%
36,370Nizhny Novgorod OblastZavolzhye
0%

Score Distribution

Percentile by Number Answered

Percent of People with Each Score

Your Score History

You have not taken this quiz